Countries with the most native speakers of each UN official language - Statistics

General Stats
  • This quiz has been taken 1,573 times
  • The average score is 22 of 27
Answer Stats
Language Country % Correct
Chinese China
99%
English United Kingdom
99%
Spanish, English, French United States
99%
Russian Russia
98%
French France
96%
Spanish Mexico
95%
Spanish Spain
94%
Russian Ukraine
93%
English, French Canada
92%
Arabic Egypt
92%
Spanish Argentina
91%
English Australia
87%
Russian Belarus
87%
Arabic Algeria
85%
Spanish Colombia
85%
Chinese Taiwan
85%
Arabic Iraq
83%
Arabic Morocco
80%
Russian Kazakhstan
77%
Arabic Sudan
71%
Chinese Singapore
70%
English South Africa
64%
French Belgium
62%
Chinese Malaysia
62%
Russian Uzbekistan
61%
French Switzerland
56%
Chinese Myanmar
41%
No matching quizzes found
Score Distribution
Percent of People with Each Score
Percentile by Number Answered
Your Score History
You have not taken this quiz